000
00350nam a2200121Ia 4500
008
231129s9999||||xx |||||||||||||| ||spa||
020
_a
958-827-18-3
082
_a
CD 02 FRE-11
100
_a
Murillo Vargas John Fredy
245
0
_a
Estudio de las Runas
264
_a
Pereira : Editora Nesmur
942
_2
ddc
_c
BKS
999
_c
13624
_d
13624